| 000 | | | 05570cbc2a2200000#x 450 |
| 001 | | | ec470770-23e0-499d-925a-9d6cb7af688b |
| 005 | | | 20210407091928.0 |
| 101 | 0# | $a | rus |
| 102 | ## | $a | RU |
| 200 | 1# | $a | Дело о выборах членов Государственной думы третьего созыва по Самарской губернии |
| | $j | 22 октября 1907 г. - 9 февраля 1911 г. |
| 251 | ## | $c | Дело |
| 215 | ## | $a | 67 листов |
| | $d | 36,5х26 см |
| 225 | 0# | $a | Фонд Государственная дума I, II, III и IV созывов |
| | $h | Опись № 3 |
| 300 | ## | $a | Оригинальный заголовок дела: Дело с выборным производством членов Государственной думы по Самарской губернии : 22 октября 1907 г. - 9 февраля 1911 г. |
| 300 | ## | $a | Заголовок дела также: Дела о выборах членов Государственной думы по губерниям, областям и городам. Самарская губерния. 22 октября 1907 г. - 9 февраля 1911 г. |
| 300 | ## | $a | Рукописный и машинописный текст |
| 801 | #0 | $a | RU |
| | $b | РГИА |
| 801 | #1 | $a | RU |
| | $b | ПБ им. Б.Н. Ельцина |
| | $2 | rusmarc |
| | $c | 20160205 |
| 801 | #2 | $a | RU |
| | $b | ПБ им. Б.Н. Ельцина |
| | $g | RCR |
| | $2 | rusmarc |
| 850 | ## | $a | Федеральное казенное учреждение "Российский государственный исторический архив" (РГИА) |
| 852 | ## | $a | РГИА |
| | $j | 61 |
| 100 | ## | $a | 20140128l19071911k##a0rusy0102####са |
| 937 | ## | $d | 10948580 |
| | $h | ПБ |
| 105 | ## | $a | y### |
| 122 | 2# | $a | d19071022## |
| | $a | d19110209## |
| 517 | 1# | $a | Дело с выборным производством членов Государственной думы по Самарской губернии |
| | $e | 22 октября 1907 г. - 9 февраля 1911 г. |
| 517 | 1# | $a | Дела о выборах членов Государственной думы по губерниям, областям и городам. Самарская губерния |
| | $e | 22 октября 1907 г. - 9 февраля 1911 г. |
| 461 | #0 | $1 | 00148572405-38c5-4094-b713-85756505f9f4 |
| | $1 | 2001 |
| | $a | Государственная Дума I, II, III и IV созывов |
| | $1 | 251 |
| | $c | Фонд |
| | $1 | 852 |
| | $j | 1278 |
| 462 | #0 | $1 | 001fb946255-f278-454d-851d-599189a7d8c7 |
| | $1 | 2001 |
| | $a | 1907-1912 гг. |
| | $v | Д. 61 |
| | $1 | 251 |
| | $c | Опись |
| | $1 | 852 |
| | $j | 3 |
| | $l | III Созыв |
| 035 | ## | $a | ec470770-23e0-499d-925a-9d6cb7af688b |
| 601 | 01 | $2 | prlib_sh |
| | $3 | LIBNET\UAF\0000094451 |
| | $a | Россия |
| | $b | Государственная Дума |
| | $b | Созыв |
| | $c | 3 |
| | $j | Документы и материалы |
| | $x | Выборы |
| 686 | ## | $2 | rubbk |
| | $a | 63.3(2)533-33ю11 |
| | $v | LBC/M |
| 686 | ## | $a | 63.3(28-8Сам)533ю11 |
| | $v | LBC/M |
| | $2 | rubbk |
| 605 | ## | $2 | acquisition_Prlib |
| | $3 | LIBNET\UAF\0000059972 |
| | $a | Самарская область: страницы истории |
| | $l | коллекция |
| 605 | ## | $a | Территория |
| | $l | коллекция |
| | $2 | acquisition_Prlib |
| | $3 | DITM\AF\0000004675 |